[Event "FRA-chT Gp-A"]
[Site "France"]
[Date "2003.01.31"]
[Round "1.3"]
[White "Berthelot, Yannick"]
[Black "Bauer, Christian"]
[Result "0-1"]
[WhiteElo "2311"]
[BlackElo "2579"]
[Annotator "Huzman,A"]
[PlyCount "56"]
[EventDate "2003.01.31"]
[EventType "team"]
[EventRounds "7"]
[EventCountry "FRA"]
[SourceTitle "CBM 094"]
[Source "ChessBase"]
[SourceDate "2003.05.26"]
[SourceVersion "1"]
[SourceVersionDate "2003.05.26"]
[SourceQuality "1"]
[WhiteTeam "Sautron"]
[BlackTeam "Clichy"]
[WhiteTeamCountry "FRA"]
[BlackTeamCountry "FRA"]

1. e4 d6 2. d4 Nf6 3. Nc3 Nbd7 4. Nf3 e5 5. Bc4 Be7 6. O-O O-O 7. Re1 c6 8. a4
b6 9. d5 cxd5 10. Bxd5 Nxd5 (10... Rb8 11. b3 a6 12. Ba3 b5 13. axb5 axb5 14.
Bb4 Qc7 15. Ra5 Nc5 16. Nxb5 Qb6 17. c4 Nxd5 18. exd5 $16 {Bode,W-Schmidt
Schaeffer,S/Baden-Niedersachsen 1993/1/2-1/2 (45)}) 11. Nxd5 (11. Qxd5 Ba6 12.
Be3 Rc8 13. a5 Bc4 14. Qd2 bxa5 15. b3 Be6 16. Nb5 Nc5 17. Nxa7 Nxe4 18. Qd3
Nc5 19. Qb5 Rc7 20. Nc6 Qd7 21. Nxe7+ Qxe7 22. Qxa5 Rfc8 $15 {0-1 Hnydiuk,
A-Pedzich,D/Czestochowa 1998/EXT 2000 (32)}) 11... Bb7 (11... Nc5 12. Be3 Nxe4
13. Bxb6 axb6 14. Rxe4 Bb7 15. Rb4 Ra5 16. Nxe7+ Qxe7 17. Rxb6 $16 {1-0
Vallejo Pons,F-Bellini,F/Mondariz 2000/CBM 79 (29)}) (11... Nf6 12. Nxe7+ Qxe7
13. Bg5 h6 14. Bxf6 {1/2-1/2 De la Riva Aguado,O-Magem Badals,J/Manresa 1996/
EXT 98 (14)}) 12. b3 (12. c4 Bxd5 (12... Nc5 13. b4 Ne6 14. a5 bxa5 15. Rxa5 a6
16. Be3 $16 {1-0 Zufic,M-Kiss,A/Szentgotthard 2001/EXT 2002 (66)}) (12... f5
13. exf5 Rxf5 14. Nd4 Rf7 15. Ne6 Qc8 16. Nxe7+ Rxe7 17. Qxd6 $16 {1-0 De
Vreugt,D-Ellenbroek,T/Breda 2001/CBM 82 ext (71)}) 13. Qxd5 Qc7 14. b3 a6 15.
Be3 Rab8 16. Nd2 Rfd8 17. Rec1 Nc5 18. b4 a5 19. b5 h6 20. Rc3 Bg5 21. Nf1 Qb7
{1/2-1/2 Cheparinov,I-Hoffman,A/Mondariz ESP 2002/The Week in Chess 425 (21)})
12... Rc8 (12... Nf6 13. Nxf6+ Bxf6 14. Ba3 (14. c4 Be7 (14... Qc7 15. Qd3 (15.
Ba3 Be7 16. Qe2 a6 17. Nd2 Bc6 18. Nb1 Rab8 19. Nc3 $14 {1-0 Afek,Y-Ellenbroek,
T/Hoogeveen 2001/CBM 84 ext (52)}) 15... Bc6 16. Be3 Rfd8 17. Nd2 Qb7 18. f3 a6
19. Nf1 Be7 20. Red1 b5 21. a5 Rdc8 22. Bb6 bxc4 23. bxc4 Bd7 24. Ne3 $14 {
1-0 Landa,K-Kasparov,S/Senden 2002/CBM 90 ext (42)}) 15. Qd3 (15. Ba3 f5 (15...
g6 16. Ra2 Qc7 17. Rd2 Rad8 18. Rd3 Kh8 19. Nd2 f5 20. f3 a6 21. Kh1 Bc6 22.
Bb4 Qb7 $14 {1/2-1/2 Lobron,E-Rebers,E/Amsterdam 2002/CBM 89 ext (47)}) 16. Nd2
Qd7 (16... Bh4 17. Ra2 Qf6 18. Nf3 Bxf2+ 19. Rxf2 fxe4 20. Qxd6 exf3 21. Qxe5
Qxe5 22. Rxe5 Rfe8 {1/2-1/2 Gyimesi,Z-Ruck,R/HUN-ch 1996/CBM 57}) 17. Ra2 Rad8
$132 18. f3 fxe4 19. Nxe4 d5 $1 20. Bxe7 Qxe7 21. cxd5 Rxd5 $15 {0-1 Kalod,
R-Jansa,V/Zlin 1997/CBM 61/[Blatny,P] (43)}) 15... f5 16. exf5 Bf6 17. Rb1 e4
18. Rxe4 Bxe4 19. Qxe4 Qe7 20. Qd3 Rfe8 21. Ba3 Rad8 22. Kf1 Qb7 23. Rd1 Re4
24. Qd5+ Qxd5 25. Rxd5 h5 26. Bxd6 $16 {1-0 Acs,P-Conquest,S/Bled 2002/EXT
2003 (42)}) 14... Be7 15. Qd3 Qc7 16. c4 g6 17. Rad1 Rad8 18. Nd2 f5 19. f3 Bc6
20. Nb1 Qb7 21. Nc3 $14 {1/2-1/2 Roeder,M-Odendahl,R/Germany 1998/EXT 99 (58)})
13. c4 Nc5 (13... Nf6 14. Ba3 Nxd5 15. exd5 f5 16. Ra2 Bf6 17. Rae2 a6 18. Qd2
Rf7 $15 {1/2-1/2 Bentsen,H-Adnoy,H/Oslo 2002/CBM 87 ext (39)}) 14. Ba3 (14. Rb1
f5 15. exf5 Rxf5 16. Nd4 Rf7 17. Nb5 Qd7 18. Be3 Rcf8 19. f3 Bh4 20. Rf1 Qe6
21. Nbc3 Qg6 $132 {1/2-1/2 Voloshin,L-Neumann,P/CZE 2001/EXT 2003 (29)}) (14.
Ra2 Bxd5 15. exd5 a5 16. Rae2 Rc7 17. Be3 f5 18. Qc2 g6 19. Nd2 Bg5 $15 {
0-1 Mazi,L-Kiss,A/St Veit 1998/CBM 65 ext (40)}) (14. b4 Ne6 15. Qe2 Ba6 16. b5
Bb7 17. a5 Bxd5 18. cxd5 Nc5 19. axb6 axb6 20. Ba3 $14 {1/2-1/2 Van de
Oudeweetering,A-Philippe,C/Paris 2001/CBM 83 ext (20)}) 14... Re8 15. Bxc5 $6 {
strangely enough, White proves his eagerness to swap his own well-positioned
pieces for ones that are less useful for his opponent. Due to this bizarre
tactics, Black takes over the initiative.} (15. Ra2 $5 Bg5 16. Nxg5 Qxg5 17.
Re3 $14) 15... bxc5 {[%csl Rb3]} 16. Nxe7+ Qxe7 17. Nd2 {[%cal Gd2f1,Gf1e3,
Ge3d5]} Qg5 18. Re3 (18. Nf1 Re6 19. Qd2 Qg6 20. f3 f5 $36) 18... Re6 19. Nf1
Rf8 20. f3 Rg6 (20... f5 $5 21. exf5 Rxf5 22. Ra2 Ref6 $36) 21. Ra2 {[%cal
Ga2d2,Gd2d6]} f5 22. exf5 Rxf5 (22... Qxf5 23. Ng3 $11 {[%cal Gg3e4]}) 23. Rd3
h5 (23... e4 24. fxe4 Bxe4 25. Rg3 Qf6 26. Rxg6 Qxg6 27. Ng3 $11) (23... Rff6
24. Ng3 Rh6 25. Rad2 Qh4 26. Nf1 {[%csl Rd6]} e4 27. Rxd6 exf3 28. Rd8+ (28.
Rxf6 Rxf6 29. Rd8+ Rf8 30. Rxf8+ Kxf8 31. gxf3 $14) 28... Kf7 29. R8d7+ (29.
R2d7+ $2 Kg6 30. Rxb7 $140 f2+ 31. Kh1 Qxh2+ 32. Nxh2 f1=Q+ 33. Qxf1 Rxf1#)
29... Kg8 (29... Kg6 30. gxf3 Bxf3 31. Qb1+ Be4 32. Rg2+ $18) 30. gxf3 Bxf3 31.
Rd8+ Kf7 32. R2d7+ Kg6 33. Qd3+ Be4 34. Qg3+ Qxg3+ 35. Nxg3 $16) 24. Ng3 Rff6
25. Qd2 (25. Rad2 $5 h4 26. Ne4 Bxe4 27. fxe4 Qf4 28. Qe2 $11) 25... Rf4 (25...
h4 26. Qxg5 Rxg5 27. Ne4 Bxe4 28. fxe4 Kf7 29. Rf2 Ke6 $15 {[%csl Rb3,Re4]})
26. Rxd6 h4 27. Rxg6 $2 (27. Ne4 Bxe4 28. fxe4 Rxd6 (28... h3 29. Rxg6 Qxg6 30.
Qd5+ Kh7 31. Qxe5 Rxe4 32. Qc3 $14) 29. Qxd6 Rf3 30. Qd2 (30. Qd5+ Kh7 31. Qd2
Re3 $36) 30... Re3 $36 (30... Qxd2 31. Rxd2 Rxb3 32. Rd5 Rb4 $11)) 27... Qxg6
28. Ne4 (28. Nf1 Rxf3 29. Rb2 h3 $19) 28... Rxf3 (28... Rxf3 29. Nf2 h3 30. g3
Qb1+ 31. Nd1 Qe4 $19) 0-1

[Event "Bermuda-B"]
[Site "Bermuda"]
[Date "2003.02.05"]
[Round "11"]
[White "Berg, Emanuel"]
[Black "Kallio, Heikki"]
[Result "1-0"]
[WhiteElo "2527"]
[BlackElo "2474"]
[Annotator "Huzman,A"]
[PlyCount "109"]
[EventDate "2003.01.25"]
[EventType "tourn"]
[EventRounds "11"]
[EventCountry "BER"]
[EventCategory "10"]
[SourceTitle "CBM 094"]
[Source "ChessBase"]
[SourceDate "2003.05.26"]
[SourceVersion "1"]
[SourceVersionDate "2003.05.26"]
[SourceQuality "1"]

1. e4 d6 2. d4 Nf6 3. Nc3 e5 4. Nf3 Nbd7 5. Bc4 Be7 6. O-O O-O 7. Re1 c6 8. a4
b6 9. Qe2 a6 10. Bg5 (10. Ba2 Qc7 (10... Bb7 11. h3 b5 12. d5 b4 13. dxc6 Bxc6
14. Nd5 a5 15. Bg5 Bxd5 16. exd5 Rc8 17. Rad1 Qc7 18. Bb3 Nc5 $15 {1/2-1/2
Jurasek,M-Spacek,P/CZE 1999/EXT 2001 (82)}) 11. h3 Rb8 12. Bg5 b5 13. Rad1 Nb6
14. axb5 axb5 15. Qe3 Ra8 16. Bb3 b4 17. Ne2 c5 18. dxe5 dxe5 19. Bxf6 Bxf6 20.
Bd5 Ra5 $11 {1/2-1/2 Movsesian,S-Ruck,R/Pula 1999/EXT 2000 (47)}) (10. Bd2 Bb7
11. dxe5 Nxe5 12. Nxe5 dxe5 13. Be3 b5 14. Red1 Qc7 15. Bd3 Nd7 16. f3 Nc5 $15
{0-1 Bowering,C-Collinson,B/ENG 2000/EXT 2001 (34)}) (10. d5 c5 (10... cxd5 11.
Nxd5 Bb7 12. Bg5 Nxd5 13. Bxd5 Bxd5 14. Bxe7 Qxe7 15. exd5 Nf6 16. c4 Qb7 17.
Red1 a5 $11 {1-0 Gerstner,W-Lorscheid,G/Germany 1996/GER-chT2 (34)}) 11. h3 Ne8
12. Bd3 Nc7 13. Nd2 Kh8 14. Nc4 Rb8 15. b3 Nf6 16. Bg5 $2 Nfxd5 17. Nxd5 Nxd5
18. Bd2 Nc7 $17 {1/2-1/2 Laurent,B-Van Houtte,T/Antwerp 1998/EXT 99 (44)}) (10.
dxe5 Nxe5 (10... dxe5 11. Bg5 Qc7 12. Nh4 g6 13. Bh6 Re8 14. Bxf7+ $1 $18 {
1-0 Sedina,E-Kalinina,V/Alushta 1999/EXT 2000 (54)}) 11. Nxe5 dxe5 12. Bg5 Nd7
13. Bxe7 Qxe7 14. Nd1 Nc5 15. Qe3 a5 $11 {1/2-1/2 Tiviakov,S-Kosten,A/Imperia
1992/EXT 2000 (48)}) (10. h3 Bb7 11. d5 (11. Rd1 Qc7 12. dxe5 Nxe5 13. Bb3
Nxf3+ 14. Qxf3 b5 15. Bf4 Rad8 16. Rd2 Rfe8 17. Re1 b4 18. Ne2 c5 19. Ng3 c4
20. Ba2 Qc8 21. Qe2 $13 {1-0 Vozka,P-Sufiyarov,A/Decin 1997/EXT 98 (40)}) (11.
dxe5 dxe5 12. Rd1 b5 13. Ba2 Qc7 14. Bg5 Nc5 15. axb5 axb5 16. Qe3 Na4 17. Nxa4
Rxa4 18. Bxf6 Bxf6 19. Bb3 Rxa1 20. Rxa1 Be7 $15 {1/2-1/2 Mac Intyre,P-Terrie,
H/USA 1997/EXT 2003 (29)}) 11... cxd5 12. Nxd5 Nxd5 13. Bxd5 Bxd5 14. exd5 f5
15. a5 b5 16. c4 Rb8 17. Bd2 Bf6 18. Bb4 e4 19. Bxd6 exf3 20. Qe6+ Kh8 21. Bxb8
Nxb8 22. cxb5 Bxb2 23. Ra2 Bc3 24. Re3 Bxa5 25. bxa6 $16 {1-0 Grund,
H-Cyborowski,L/Tallinn 1997/EXT 98 (33)}) 10... h6 11. Bd2 (11. Bh4 Nh5 12. Bg3
Nxg3 13. hxg3 Bf6 (13... Qc7 14. Rad1 exd4 15. Nxd4 Ne5 16. Nf5 Bxf5 17. exf5
Nxc4 18. Qxe7 Qxe7 19. Rxe7 d5 20. b3 Nd6 21. g4 Rfe8 22. Rd7 $11 {1-0 Roberts,
P-Ellenbroek,T/Hoogeveen 2001/CBM 84 ext (43)}) 14. Rad1 Qe7 15. Bb3 Bb7 16. d5
c5 17. Nd2 g6 18. Nc4 h5 19. Ra1 Kg7 20. Nd1 Rh8 21. Nde3 Bc8 22. c3 Rb8 23.
Bc2 Bg5 24. Rf1 h4 25. b4 hxg3 26. fxg3 cxb4 27. cxb4 Nf6 $36 {0-1 Erdogdu,
M-Spasov,V/Istanbul 2001/CBM 85 ext (41)}) 11... Bb7 12. Rad1 Qc7 (12... b5 13.
Ba2 (13. dxe5 dxe5 14. Bb3 Qc7 15. Nh4 $36) 13... b4 14. Nb1 c5 15. dxc5 dxc5
16. Bc1 Qc7 17. Nbd2 $14) 13. dxe5 Nxe5 (13... dxe5 14. Nh4 b5 15. Nf5 Rfe8 16.
Ba2 Bf8 17. Qf3 $36) 14. Ba2 b5 15. Bf4 Rfe8 (15... b4 $5 16. Nb1 Ng6 17. Bg3
Nh5 18. Nbd2 Nxg3 19. hxg3 Bf6 $132) 16. Nh4 Bf8 17. Bxe5 $6 dxe5 (17... Rxe5
$5 18. Ng6 Ree8 19. Nxf8 b4 $1 20. Nb1 Kxf8 21. Qd3 Rad8 22. Nd2 c5 $11) 18.
Rd3 Bc8 (18... Rad8 19. Nf5 b4 20. Nb1 g6 21. Nh4 Kg7 22. Nd2 $14) 19. Qe3 Qa7
20. Qf3 Bg4 21. Qg3 Rad8 (21... Bc5 $1 22. h3 Bc8 (22... Nh5 23. Qxg4 Bxf2+ 24.
Kf1 Nf6 25. Qe2 (25. Rd7 $5 Bxh4 26. Bxf7+ Kf8 27. Qxh4 Qxd7 28. Bxe8 Rxe8 $11)
25... Bxe1 (25... Bxh4 26. g3 Bg5 27. h4 $16) 26. Qxe1 $16) 23. Rf3 Qe7 $11)
22. h3 Rxd3 23. Qxd3 Bc8 24. Rd1 Nh7 $2 (24... Bc5 25. Rd2 Re7 26. Qd8+ (26.
Qf3 Rd7 $17) 26... Re8 27. Qd3 $11) 25. Nf5 Ng5 26. Nd6 Bxd6 27. Qxd6 $16 {
Both White's total control over the "d" line and Black's Q-side pawns'
weakness make this position clearly advantageous for White.} Qb7 28. h4 Nh7 29.
b4 $1 {[%csl Ra6,Rc6]} Nf6 30. a5 Bg4 (30... c5 31. bxc5 (31. Qxc5 Nxe4 32.
Nxe4 Qxe4 33. Qc7 Qf4 34. g3 Qf6 35. Rd6 Qf5 36. Rd8 Rxd8 37. Qxd8+ Kh7 38.
Bxf7 Qxf7 39. Qxc8 $16) 31... Nxe4 32. Nxe4 Qxe4 33. Qc7 Qf4 34. g3 Qf6 35. Rd6
Be6 (35... Qf5 36. Rd8 Rxd8 37. Qxd8+ Kh7 38. c6 $18 e4 39. Bxf7 Qxf7 40. Qxc8
e3 41. fxe3 Qf3 42. Qe6 Qxg3+ 43. Kf1 Qf3+ 44. Ke1 $18) 36. Bxe6 fxe6 37. Qd7
Qg6 38. h5 Qf7 39. Qxf7+ Kxf7 40. Rxa6 $18) 31. Rd3 Bh5 $2 {[%mdl 16384] A
really bad strategical mistake - now the B will face an unbreakable wall made
of white pawns.} 32. f3 Bg6 33. g4 Kh8 34. h5 Bh7 35. Kg2 (35. Ne2 $5 Qa7+ 36.
Qc5 Qxc5+ 37. bxc5 Bg8 38. Rd6 Rc8 39. Nc1 {[%csl Ra6,Rc6][%cal Gc1d3,Gd3b4]}
Rc7 40. Nd3 Nd7 41. c4 f6 42. cxb5 $1 axb5 (42... Bxa2 43. b6 Rb7 44. Rxc6 $18)
43. Be6 Bxe6 44. Rxe6 Kg8 45. Re8+ Kf7 46. Ra8 $18 {[%cal Ga5a7]}) 35... Bg8 $2
(35... Kg8 $142 36. Kh2 Qc8 37. Ne2 Nxg4+ 38. fxg4 Qxg4 39. Ng3 Bxe4 40. Qd7
$16 Qh4+ $140 41. Kg1 Rf8 42. Bxf7+ $1 Rxf7 (42... Kh8 43. Qd6 Rc8 44. Nxe4
Qe1+ 45. Kh2 Qh4+ 46. Rh3 Qxe4 47. Qd2 $18) 43. Qd8+ $1 $18) 36. Ne2 $1 {
[%cal Ge2g3,Gg3f5,Gd3c3,Gc3c6]} Qc8 (36... Re7 37. Ng3 Ne8 38. Qd8 $18) 37. Ng3
$1 (37. Rc3 Nxe4 38. fxe4 Rd8 (38... Qxg4+ 39. Ng3 $18) 39. Be6 $1 (39. Qxe5 f6
40. Qf5 Bxa2 41. Qxc8 Rxc8 42. Rc5 $16 {[%cal Ge2d4]}) (39. Qc5 Qxg4+ 40. Kf2
Rd2 $40) 39... fxe6 40. Qxc6 Qb8 41. Qxa6 $16) 37... Nh7 38. Nf5 Ng5 39. Ne7 (
39. Rc3 $1 Rd8 40. Rxc6 Rxd6 41. Rxc8 $18) 39... Qb7 40. Nxc6 $18 f5 $1 41.
Bxg8 fxe4 42. fxe4 Kxg8 $2 (42... Rxg8 $142 43. Qd7 Qa8 44. Kg1 $18) 43. Qd7 $1
$18 Qxd7 (43... Qa8 44. Rd6 Kh8 45. Qxe8+ Qxe8 46. Rd8 Qxd8 47. Nxd8 Nxe4 48.
Nc6 $18 {[%csl Ra6][%cal Gc6b8,Gb8a6]}) 44. Rxd7 Nxe4 45. Ra7 Nc3 46. Rxa6 e4
47. Rb6 Kh7 (47... e3 48. Rb8 $18) 48. Rb8 Re6 49. a6 Rxc6 50. a7 Ra6 51. a8=R
Rxa8 52. Rxa8 Nd5 53. Rc8 Nxb4 54. Rc5 Nd3 55. cxd3 1-0

[Event "Capablanca Memorial Elite 39th"]
[Site "Havana"]
[Date "2004.05.07"]
[Round "2"]
[White "Quesada Perez, Yuniesky"]
[Black "Maiwald, Jens Uwe"]
[Result "1-0"]
[WhiteElo "2478"]
[BlackElo "2543"]
[Annotator "Huzman,A"]
[PlyCount "109"]
[EventDate "2004.05.06"]
[EventType "tourn"]
[EventRounds "11"]
[EventCountry "CUB"]
[EventCategory "13"]
[SourceTitle "CBM 101"]
[Source "ChessBase"]
[SourceDate "2004.07.27"]
[SourceVersion "1"]
[SourceVersionDate "2004.07.27"]
[SourceQuality "1"]

1. e4 d6 2. d4 Nf6 3. Nc3 e5 4. Nf3 Nbd7 5. Bc4 Be7 6. O-O O-O 7. Re1 c6 8. a4
a5 9. b3 exd4 10. Nxd4 Nb6 11. Bf1 d5 12. e5 (12. exd5 Nbxd5 13. Nxd5 Nxd5 14.
Ba3 Bxa3 15. Rxa3 Qf6 $11 {0-1 Djukic,N-Damljanovic,B/Herceg Novi 2002/CBM 86
ext (49)}) 12... Ne4 (12... Ne8 13. Bd3 (13. Qh5 $5 g6 (13... f5 $5 14. Bd3 g6
15. Qh6 Ng7) 14. Qh6 Ng7 15. Bd3 (15. Bd3 $36) 15... c5 16. Nf3 Ne6 17. Rd1 Bd7
18. Bf1 Bc6 19. Ne4 $36 {1-0 De la Paz,F-Pecorelli Garcia,H/Havana CUB 2003/
(64)}) (13. Qf3 Nc7 14. Nce2 f6 15. exf6 Bxf6 16. Qc3 Nd7 17. Ba3 c5 18. Bxc5
Nxc5 19. Qxc5 Be7 20. Qc3 Bb4 21. Qg3 Bxe1 22. Rxe1 $44 {1-0 Ramesh,R-Doostkam,
P/Dubai UAE 2004/(61)}) 13... g6 14. Bh6 (14. Nce2 Ng7 15. Ng3 Re8 16. Bh6 Bb4
17. Bd2 Bf8 18. h3 Nd7 19. Nf3 Qc7 20. Bc3 Ne6 $11 {0-1 Zufic,M-Cvitan,O/Pula
2002/CBM 88 ext (40)}) 14... Ng7 {[%cal Ye7b4,Yb4e1]} 15. Nce2 Re8 16. c3 Bg5
17. Bxg5 Qxg5 18. f4 $14 {1/2-1/2 Moreno Carnero,J-Bologan,V/Pamplona 2001/CBM
87/[Huzman] (41)}) (12... Ng4 13. h3 Bb4 14. Qd3 (14. Qf3 Nxf2 15. Bb2 Ne4 $17
{1-0 Pinheiro,J-Milla de Marco,C/Orense 2002/CBM 89 ext (25)}) 14... c5 15.
hxg4 cxd4 16. Qxd4 Be6 17. Ba3 $16 {1-0 Kosintseva,N-Voiska,M/Istanbul TUR
2003/(44)}) 13. Nxe4 dxe4 14. Bb2 f5 {creating an "e4" weakness that is being
temporarily compensated by Black's pieces' activity} (14... c5 15. Nb5 Bf5 16.
Qe2 $16 {[%cal Ga1d1,Gb5d6]}) 15. exf6 Bxf6 16. Rb1 Re8 (16... Qd6 $5 17. g3 (
17. Ne2 Qxd1 18. Rexd1 Bxb2 19. Rxb2 Bf5 20. Ng3 Rae8 $11) 17... Rd8 18. c3
Bxd4 $1 (18... c5 19. Ba3 Qe5 20. f4 $1 Qd5 21. Nb5 $16) 19. cxd4 (19. Qxd4
Qxd4 20. cxd4 Nd5 $11) 19... Bf5 20. Bg2 Qg6 $11 {[%cal Yb6d5]}) 17. g3 $1 Nd5
18. Bg2 e3 (18... c5 19. Nb5 Bxb2 20. Rxb2 Bf5 21. c3 $16 {[%cal Gb2d2]}) 19.
f4 $2 (19. Bxd5+ $6 Qxd5 20. Rxe3 Rxe3 21. fxe3 Bh3 22. Qf3 Qd7 $44) (19. Qe2
$5 exf2+ (19... Bg5 20. Rbd1 $36) 20. Qxf2 Rf8 $11) 19... Kh8 ({Black has
missed an opportunity to take a proper advantage of his active pieces by} 19...
Nb4 $1 20. c3 Bxd4 21. cxb4 (21. cxd4 Bf5 $19) 21... Bb6 22. Qxd8 Rxd8 $17) 20.
Qh5 Re7 $6 (20... g6 21. Qf3 Qb6 22. Rbd1 Qb4 $132) 21. Rbd1 Qe8 22. Qxe8+ Rxe8
23. Bxd5 $1 (23. Rd3 Nb4 24. Rdxe3 Rg8 {[%cal Yc6c5]} 25. c3 (25. Re8 Bxd4+ 26.
Bxd4 Nxc2 27. Rxg8+ Kxg8 28. Rd1 Nxd4 29. Rxd4 Be6 30. b4 $11) 25... Bxd4 26.
cxd4 Nc2 27. d5 $1 Bd7 28. d6 Nxe1 29. Rxe1 Rge8 30. Be5 $44) 23... cxd5 24.
Rd3 {turning the "e3" P into a real weakness and delivering it of its misery}
e2 25. Bc3 {[%cal Gd4b5]} (25. Rd2 Bg4 26. Kg2 Re4 27. h3 $16) 25... Bd7 (25...
Bg4 26. Nb5 $16) 26. Nb5 Bf5 (26... Bxb5 27. axb5 Bxc3 28. Rxc3 Re4 29. Rd3 $16
) 27. Bxf6 $1 Bxd3 28. cxd3 gxf6 29. Nc7 $18 Rac8 30. Nxe8 Rxe8 31. Kf2 Rc8 32.
Rxe2 Rc3 33. Re8+ Kg7 34. Re7+ Kg6 35. Rxb7 Rxd3 36. Ke2 Rc3 37. Kd2 d4 (37...
Rf3 38. Rb5 $18) 38. Rb5 h5 39. b4 $1 axb4 40. Rxb4 $18 Ra3 41. Rxd4 Ra2+ 42.
Kc3 Rxh2 43. a5 Ra2 44. Kb4 Kf5 45. Rd3 $1 Kg4 46. Ra3 Rb2+ 47. Kc5 Rb8 (47...
Rc2+ 48. Kb6 Rb2+ 49. Kc7 Rc2+ 50. Kd7 Rd2+ 51. Ke7 f5 52. a6 $18) 48. a6 f5
49. a7 Ra8 50. Kb6 Rh8 51. Kb7 Rh7+ 52. Kc6 Rh8 53. a8=Q Rxa8 54. Rxa8 Kxg3 55.
Ra4 1-0

[Event "Metalska Trgovina CC 90"]
[Site "Ljubljana"]
[Date "2002.01.21"]
[Round "3"]
[White "Pavasovic, Dusko"]
[Black "Nisipeanu, Liviu Dieter"]
[Result "1/2-1/2"]
[WhiteElo "2547"]
[BlackElo "2608"]
[Annotator "Huzman,A"]
[PlyCount "45"]
[EventDate "2002.01.19"]
[EventType "tourn"]
[EventRounds "11"]
[EventCountry "SLO"]
[EventCategory "11"]
[SourceTitle "CBM 088"]
[Source "ChessBase"]
[SourceDate "2002.03.21"]
[SourceVersion "1"]
[SourceVersionDate "2002.03.21"]
[SourceQuality "1"]

1. e4 e5 2. Nf3 d6 3. d4 exd4 4. Nxd4 Nf6 5. Nc3 Be7 6. Bf4 O-O 7. Qd2 d5 8.
Ndb5 c6 9. Nc7 d4 $1 10. O-O-O (10. Ne2 g5 11. Be5 Nbd7 12. Bxf6 Nxf6 13. Qxg5+
Kh8 14. Nxa8 Re8 15. O-O-O (15. f3 Nxe4 16. Qe5+ Kg8 17. Qxd4 Bc5 18. Qxe4 Rxe4
19. fxe4 Be3 20. Rd1 Bf2+ 21. Kxf2 Qxd1 $17 {[%csl Ra8] 0-1 Brodsky,
M-Nisipeanu,L/Bucharest 2001/CBM 82/[Huzman] (40)}) 15... Nxe4 16. Qh5 Nxf2 17.
h4 Bg4 18. Qe5+ Bf6 19. Qf4 Nxd1 20. Qxg4 Nf2 21. Qf3 Nxh1 {0-1 Karolyi,
T-Ellenbroek,T/Apeldoorn 2001/CBM 85 ext (21)}) 10... Nh5 11. Be5 {The
stranded N on "a8" would be "responsible" for Black's strong counterplay in
the following lines:} (11. Nxa8 Nxf4 12. Qxd4 Qa5 {[%csl Ra8]}) (11. Qxd4 Nxf4
12. Qxd8 Bxd8 13. Nxa8 b6 14. g3 Ng6 {[%cal Yc8b7,Yb7a8]}) 11... Bg5 (11...
dxc3 12. Qxd8 Rxd8 13. Rxd8+ Bxd8 14. Nxa8 $16) 12. f4 dxc3 (12... Nxf4 $5 13.
Bxf4 Qxc7 14. Bxg5 dxc3 15. Qxc3 Be6 $11) 13. Qxd8 cxb2+ 14. Kb1 (14. Kxb2 Bxd8
15. Nxa8 Bg4 16. Rd4 (16. Rd3 Nd7 (16... Na6 17. h3 Be6 18. Be2 Bc4 19. Rxd8
Rxd8 20. Bxc4 Rxa8 21. Bxa6 bxa6 22. g4 (22. Rd1 Ng3) 22... f6 23. Bd6 Rd8 $11)
17. h3 (17. Bd6 Bf6+ 18. e5 Nxf4 19. Ra3 Bxe5+ 20. Bxe5 Nxe5 21. Rxa7 b5 $44)
17... Nxe5 18. fxe5 Be6 $15 {[%csl Ra8]}) 16... Be7 (16... Nd7 17. Bd6 Bf6 18.
e5 Rxa8 19. exf6 Nhxf6 $16) 17. h3 (17. f5 c5 18. Rd5 Nc6 19. Bc7 Nf6 $17)
17... Ng3 18. Rg1 Be2 $1 $11) 14... Bxd8 15. Nxa8 Bg4 16. Rd3 Na6 (16... Nd7
17. Bd6 Re8 18. h3 Be6 19. g4 Nhf6 20. Bg2 $16) 17. h3 (17. Re3 $5) 17... Be6
18. f5 $2 ({White's only chance to gain an advantage is to set finally the
"a8" N free} 18. Re3 $1 Ba5 (18... f6 19. Bd6) (18... Bf6 19. Bxf6 Nxf6 20.
Bxa6 bxa6 21. Nc7 $18) 19. f5 $16) 18... Bc4 19. Rxd8 Rxd8 20. Bxc4 Rxa8 21.
Rd1 Nc5 $11 22. g4 (22. Kxb2 Nf6 23. Bxf6 gxf6 24. Rd4 Re8 $11) 22... b5 23.
gxh5 (23. gxh5 bxc4 24. Rg1 g6 25. hxg6 hxg6 26. fxg6 Na4 $1 $132 (26... Re8
27. gxf7+ Kxf7 28. Rg7+ Ke6 29. Bxb2 Nxe4 30. a4 $14)) 1/2-1/2

[Event "Capablanca Memorial Elite 39th"]
[Site "Havana"]
[Date "2004.05.11"]
[Round "5"]
[White "Dominguez Perez, Leinier"]
[Black "Luther, Thomas"]
[Result "1-0"]
[WhiteElo "2612"]
[BlackElo "2577"]
[Annotator "Huzman,A"]
[PlyCount "51"]
[EventDate "2004.05.06"]
[EventType "tourn"]
[EventRounds "11"]
[EventCountry "CUB"]
[EventCategory "13"]
[SourceTitle "CBM 101"]
[Source "ChessBase"]
[SourceDate "2004.07.27"]
[SourceVersion "1"]
[SourceVersionDate "2004.07.27"]
[SourceQuality "1"]

1. e4 e5 2. Nf3 d6 3. d4 exd4 4. Nxd4 Nf6 5. Nc3 Be7 6. g3 d5 7. e5 Ng4 8. Bf4
g5 9. e6 {That looks much more dangerous than 9.h3 because now the black K may
find itself in the eye of a storm} (9. h3 Nxf2 10. Kxf2 gxf4 11. Qh5 Bc5 $15 {
1/2-1/2 Topalov,V-Bacrot,E/Cap d'Agde 2003/CBM 98/[Huzman] (24)}) 9... h5 (9...
Nxf2 10. Qh5 O-O 11. Kxf2 fxe6 12. Bd3 Rf7 13. Nf3 gxf4 14. gxf4 Nc6 15. Rhg1+
Kf8 16. Qh6+ Ke8 17. Rg8+ Bf8 18. Qh5 $16 {1-0 Gasanov,E-Ivanov,A/Kharkov 2001/
EXT 2002 (29)}) 10. exf7+ (10. h3 Nxf2 (10... fxe6 11. hxg4 gxf4 12. Qd3 fxg3
13. Qg6+ Kf8 14. fxg3 Qe8 15. Nxe6+ Bxe6 16. Qxe6 $16 {1/2-1/2 Palkovi,
J-Stangl,M/Balatonbereny 1996/CBM 55 (50)}) 11. Kxf2 (11. Qf3 gxf4 12. Qxf2 $6
$17 {0-1 Lupulescu,C-Nevednichy,V/Targoviste 2001/CBM 87/[Huzman] (62)} (12.
exf7+ $1 Kxf7 $5 13. Qxf2 Bf6 14. Qxf4 Kg7 $13)) (11. exf7+ $1 Kf8 12. Kxf2
gxf4 13. gxf4 $13) 11... gxf4 12. Be2 c5 (12... Bf6 13. gxf4 fxe6 14. Bxh5+ Kf8
15. Bg4 Qd6 16. Kg2 Rh6 17. Qd2 $44 {1-0 Yurtaev,L-Okhotnik,V/Lyngby 1990/EXT
97 (24)}) 13. Nf5 Bxe6 14. Ng7+ Kf8 15. Nxe6+ fxe6 16. Bxh5 Bh4 $17 {1/2-1/2
Delabaca,R-Seel,C/Cannes 2001/EXT 2003 (26)}) 10... Kf8 $6 (10... Kxf7 11. Bc1
Bc5 12. Be2 Qf6 13. Be3 c6 14. O-O Kg8 15. Na4 Bd6 16. c4 Nxe3 17. fxe3 Qe5 18.
Qd3 $16) 11. Bc1 Nc6 12. Bg2 Bc5 13. Be3 Nxe3 14. fxe3 Bxd4 (14... Bg4 15. Qxg4
(15. Qd3 $5 Nb4 16. Qg6 Qe7 17. Kd2) 15... hxg4 (15... Bxd4 16. Qe6 Bxc3+ 17.
bxc3 Qe7 18. Bxd5 $16) 16. Ne6+ Kxf7 17. Nxd8+ Raxd8 18. Bxd5+ Kg7 19. Ke2 Rhe8
20. Be4 $14) 15. exd4 Bg4 16. Qd3 Nb4 17. Qd2 Qe7+ 18. Kf2 h4 $2 {Black allows
his oppnent to bring the "h1" R in, while his counterplay based on the open
"h" file results in no more than a couple of checks} (18... Qxf7+ $1 19. Kg1
Qg6 20. Nxd5 (20. Bxd5 Nxd5 21. Nxd5 Kg7 $44) 20... Nxd5 21. Bxd5 Kg7 22. Re1
Rae8 $44 23. Kg2 $140 Qf5 $17) (18... c6 19. Rhe1 Qxf7+ 20. Kg1 Qg6 21. Re5 $18
) 19. Rhf1 $1 hxg3+ 20. hxg3 Qf6+ (20... c6 21. Rae1 Qf6+ 22. Kg1 Qh6 23. Qe3
$18) 21. Kg1 Qh6 22. Nxd5 $1 a5 $1 (22... Nc6 23. Rf6 Qh2+ 24. Kf2 Bh3 25. Rg1
$18) (22... Nxd5 23. Bxd5 Qd6 24. Qxg5 Qxg3+ 25. Bg2 Qh2+ 26. Kf2 $18) 23. Rae1
$1 (23. Nxb4 Qh2+ 24. Kf2 Bh3 25. Rg1 Rh7 $1 26. Ke3 Qxg3+ 27. Bf3 Qf4+ 28. Ke2
Qh2+ $132) 23... Qh2+ (23... Nxd5 24. Bxd5 Qh3 25. Qg2 $18) 24. Kf2 Nxd5 25.
Rh1 Qxh1 26. Rxh1 1-0